| 000 -LEADER |
| fixed length control field |
00645nam a22001817a 4500 |
| 005 - DATE AND TIME OF LATEST TRANSACTION |
| control field |
20231018172647.0 |
| 008 - FIXED-LENGTH DATA ELEMENTS--GENERAL INFORMATION |
| fixed length control field |
231018s ru xxu||||| |||| 00| 0 rus d |
| 020 ## - INTERNATIONAL STANDARD BOOK NUMBER |
| International Standard Book Number |
9779101010257 |
| 041 ## - LANGUAGE CODE |
| Language code of text/sound track or separate title |
rus |
| 080 ## - UNIVERSAL DECIMAL CLASSIFICATION NUMBER |
| Universal Decimal Classification number |
94 Т-14 |
| 245 ## - TITLE STATEMENT |
| Title |
Загадки истории. Золотая серия : |
| Remainder of title |
Тайные общества |
| 264 ## - PRODUCTION, PUBLICATION, DISTRIBUTION, MANUFACTURE, AND COPYRIGHT NOTICE |
| Place of production, publication, distribution, manufacture |
Санкт-Петербург : |
| Name of producer, publisher, distributor, manufacturer |
Пресс-Курьер, |
| Date of production, publication, distribution, manufacture, or copyright notice |
2018. |
| 440 ## - SERIES STATEMENT/ADDED ENTRY--TITLE |
| Title |
Золотая серия |
| 9 (RLIN) |
20115 |
| 653 ## - INDEX TERM--UNCONTROLLED |
| keyword |
Загадки истории. |
| 653 ## - INDEX TERM--UNCONTROLLED |
| keyword |
ისტორიის საიდუმლოებები. |
| 653 ## - INDEX TERM--UNCONTROLLED |
| keyword |
ისტორია |
| 942 ## - ADDED ENTRY ELEMENTS (KOHA) |
| Source of classification or shelving scheme |
|
| Koha item type |
წიგნი |